| 000 | 00712nam a2200217 a 4500 | ||
|---|---|---|---|
| 005 | 20240228064121.0 | ||
| 008 | 131202s2007 mx r 000 0 spa d | ||
| 020 | _a9788420553795 | ||
| 035 | _aUPN01000194354 | ||
| 049 | _aI | ||
| 050 | 4 |
_aPZ78 _bR4.4 |
|
| 100 | 1 |
_aReviejo Hernández, Carlos, _d1942- _932696 |
|
| 245 | 1 | 3 |
_aEl capitán Gancho Pérez y los versos de Odas John / _cCarlos Reviejo ; il. Nivio López Vigil. |
| 260 |
_aMadrid : _bPearson educación, _cc2007. |
||
| 300 |
_a87 p. : _bil. |
||
| 440 | 0 |
_aPearson alhambra. _pA partir de los 10 años |
|
| 650 | 4 |
_aLiteratura infantil española _95892 |
|
| 650 | 4 |
_aLibros y lectura para niños _92290 |
|
| 905 | _aInfantil | ||
| 999 |
_c166455 _d166455 |
||